Zlato pre kozmetičky

Bibliographic Details
Format: Article
Language:Slovak
PhysicalDescription:Fotogr.
ISSN:1336-4030
Subjects:
Online Access:www.vecernik.po.sk

MARC

LEADER 00000nab a2200000 a 4500
001 vtls009008393
003 SK-MaSNL
005 20260303065519.0
008 070720c20070528xo dr n 000 00slo
038 |a SVKPOCL 
040 |a SVKPOCL  |b slo  |c AACR2  |e AACR2 
041 |a slo 
044 |a xo  |c SK 
080 |a 687.53:06.063  |2 2001 
080 |a 687.553:06.063  |2 2001 
080 |a 06.063  |2 2001 
080 |a 373.5  |2 2001 
245 0 0 |a Zlato pre kozmetičky  |c [autor] (ado) 
300 |a Fotogr. 
610 2 7 |a Združená stredná škola služieb (Prešov, Slovensko)  |2 svkpocl  |9 1056838 
611 2 7 |a Súťaž v dekoratívnom líčení tváre a účesovej tvorbe  |d (2007 :  |c Prešov, Slovensko)  |2 svkpocl  |9 1065668 
650 0 7 |a mejkap  |2 svkpocl  |9 29423 
650 0 7 |a kaderníctvo  |2 svkpocl  |9 29738 
650 0 7 |a súťaže  |2 svkpocl  |9 3301 
651 7 |a Košice (Slovensko)  |2 svkpocl  |9 18694 
651 7 |a Prešov (Slovensko)  |2 svkpocl  |9 17347 
773 0 |t Prešovský večerník  |g Roč. XVIII, č. 4207 (28.5.2007), s. 1  |x 1336-4030 
852 |a SVKPO  |b KIS3GCP 
856 4 1 |u www.vecernik.po.sk 
958 |a RG 
999 |c 1751493  |d 1753423